Plans for adding on and remodeling / (Record no. 10885)

MARC details
000 -LEADER
fixed length control field 01323cam a2200313 a 4500
001 - CONTROL NUMBER
control field 12033780
005 - DATE AND TIME OF LATEST TRANSACTION
control field 20000810103212.0
008 - FIXED-LENGTH DATA ELEMENTS--GENERAL INFORMATION
fixed length control field 000607s2000 nyua 001 0 eng
010 ## - LIBRARY OF CONGRESS CONTROL NUMBER
LC control number 00268048
020 ## - INTERNATIONAL STANDARD BOOK NUMBER
International Standard Book Number 007136160X
040 ## - CATALOGING SOURCE
Original cataloging agency DLC
Transcribing agency DLC
Modifying agency DLC
043 ## - GEOGRAPHIC AREA CODE
Geographic area code n-us---
050 00 - LIBRARY OF CONGRESS CALL NUMBER
Classification number NA7205
Item number .A84 2000
082 00 - DEWEY DECIMAL CLASSIFICATION NUMBER
Classification number 690.837
Edition number 21
Item number AXE
100 1# - MAIN ENTRY--PERSONAL NAME
Personal name Axelrod, Jerold L.
245 10 - TITLE STATEMENT
Title Plans for adding on and remodeling /
Statement of responsibility, etc Jerold L. Axelrod.
260 ## - PUBLICATION, DISTRIBUTION, ETC. (IMPRINT)
Place of publication, distribution, etc New York :
Name of publisher, distributor, etc McGraw-Hill,
Date of publication, distribution, etc c2000.
300 ## - PHYSICAL DESCRIPTION
Extent 416 p. :
Other physical details ill. ;
Dimensions 24 cm.
500 ## - GENERAL NOTE
General note Rev. ed. of: Architectural plans for adding on or remodeling.
500 ## - GENERAL NOTE
General note "Time-saver concise"--Cover.
500 ## - GENERAL NOTE
General note Includes indexes.
650 #0 - SUBJECT ADDED ENTRY--TOPICAL TERM
Topical term or geographic name as entry element Architecture, Domestic
Geographic subdivision United States
Form subdivision Designs and plans.
650 #0 - SUBJECT ADDED ENTRY--TOPICAL TERM
Topical term or geographic name as entry element Buildings
General subdivision Additions
Geographic subdivision United States.
650 #0 - SUBJECT ADDED ENTRY--TOPICAL TERM
Topical term or geographic name as entry element Buildings
Geographic subdivision United States
General subdivision Repair and reconstruction.
700 1# - ADDED ENTRY--PERSONAL NAME
Personal name Axelrod, Jerold L. Architectural plans for adding on or remodeling.
942 ## - ADDED ENTRY ELEMENTS (KOHA)
Source of classification or shelving scheme Dewey Decimal Classification
Item type Book - Borrowing
Holdings
Withdrawn status Item status Source of classification or shelving scheme Damaged status Not for loan Vendor Home library Current library Shelving location Date acquired Source of acquisition Cost, normal purchase price Serial Enumeration / chronology Total Checkouts Total Renewals Full call number Barcode Date last seen Date last borrowed Koha item type
    Dewey Decimal Classification     Alahram Central Library Central Library First floor 18/02/2009   272.00 6396 1 1 690.837 AXE 000014883 15/07/2025 23/11/2021 Book - Borrowing